MARC details
| 000 -LÍDER |
| campo de controle de tamanho fixo |
03056nam a2200373 4500 |
| 001 - NÚMERO DE CONTROLE |
| campo de controle |
77 |
| 003 - IDENTIFICADOR DO NÚMERO DE CONTROLE |
| campo de controle |
OSt |
| 005 - DATA E HORÁRIO DA ÚLTIMA TRANSAÇÃO |
| campo de controle |
20250528074011.0 |
| 008 - CAMPO DE DADOS FIXOS--INFORMAÇÃO GERAL |
| campo de controle de tamanho fixo |
250123b |||||||g |||| 00| 1 eng d |
| 020 ## - ISBN - INTERNATIONAL STANDARD BOOK NUMBER |
| ISBN - International Standard Book Number |
9788599296554 |
| 040 ## - FONTE DA CATALOGAÇÃO |
| Idioma da catalogação |
por |
| 041 ## - CÓDIGO DE IDIOMA |
| Código do idioma do original e/ou traduções intermediárias do texto |
eng |
| Código do idioma do texto/trilha sonora ou título diferente |
por |
| 082 ## - CDD - CLASSIFICAÇÃO DECIMAL DE DEWEY |
| Número de Classificação |
813 |
| Número do exemplar |
B877s |
| 100 1# - ENTRADA PRINCIPAL--NOME PESSOAL |
| Nome pessoal |
Brown, Dan, |
| Datas associadas ao nome |
1964- |
| 9 (RLIN) |
179 |
| 240 ## - TÍTULO UNIFORME |
| Título uniforme |
The Lost Symbol |
| 245 ## - TÍTULO |
| Título |
O Simbolo Perdido / |
| Indicação de responsabilidade, etc. |
Brown, Dan ; Tradução de Fernanda Abreu |
| 260 ## - PUBLICAÇÃO, DISTRIBUIÇÃO, ETC. |
| Local de publicação, distribuição, etc. |
Rio de Janeiro |
| Nome do editor, distribuidor, etc. |
Sextante |
| Data da publicação, distribuição, etc. |
2009 |
| 300 ## - DESCRIÇÃO FÍSICA |
| Extensão |
489 p. |
| 490 1# - TÍTULO DA SÉRIE |
| Título da série |
Saga Robert Langdon |
| Número do volume ou designação sequencial da série |
Livro 03 |
| 500 ## - NOTA GERAL |
| Nota geral |
O Símbolo Perdido<br/><br/>Sequência de: O código Da Vinci |
| 520 ## - NOTA DE RESUMO, ETC. |
| Resumo, etc. |
Depois de ter sobrevivido a uma explosão no Vaticano e a uma caçada humana em Paris, Robert Langdon está de volta com seus profundos conhecimentos de simbologia e sua brilhante habilidade para solucionar problemas. Em O símbolo perdido, o célebre professor de Harvard é convidado às pressas por seu amigo e mentor Peter Solomon - eminente maçom e filantropo - a dar uma palestra no Capitólio dos Estados Unidos. Ao chegar lá, descobre que caiu numa armadilha. Não há palestra nenhuma, Solomon está desaparecido e, ao que tudo indica, correndo grande perigo. Mal'akh, o sequestrador, acredita que os fundadores de Washington, a maioria deles mestres maçons, esconderam na cidade um tesouro capaz de dar poderes sobre-humanos a quem o encontrasse. E está convencido de que Langdon é a única pessoa que pode localizá-lo. Vendo que essa é sua única chance de salvar Solomon, o simbologista se lança numa corrida alucinada pelos principais pontos da capital americana: o Capitólio, a Biblioteca do Congresso, a Catedral Nacional e o Centro de Apoio dos Museus Smithsonian. Neste labirinto de verdades ocultas, códigos maçônicos e símbolos escondidos, Langdon conta com a ajuda de Katherine, irmã de Peter e renomada cientista que investiga o poder que a mente humana tem de influenciar o mundo físico. O tempo está contra eles. E muitas outras pessoas parecem envolvidas nesta trama que ameaça a segurança nacional, entre elas Inoue Sato, autoridade máxima do Escritório de Segurança da CIA, e Warren Bellamy, responsável pela administração do Capitólio. Como Langdon já aprendeu em suas outras aventuras, quando se trata de segredos e poder, nunca se pode dizer ao certo de que lado cada um está. Nas mãos de Dan Brown, Washington se revela tão fascinante quanto o Vaticano ou Paris. Em O Símbolo Perdido, ele desperta o interesse dos leitores por temas tão variados como ciência noética, teoria das supercordas e grandes obras de arte, os desafiando a abrir a mente para novos conhecimentos. |
| 650 #0 - ASSUNTO--TERMO TÓPICO |
| Cabeçalho tópico ou nome geográfico |
Literatura Americana |
| 9 (RLIN) |
84 |
| 650 #0 - ASSUNTO--TERMO TÓPICO |
| Cabeçalho tópico ou nome geográfico |
Suspense |
| 9 (RLIN) |
10 |
| 650 #0 - ASSUNTO--TERMO TÓPICO |
| Cabeçalho tópico ou nome geográfico |
Mistério |
| 9 (RLIN) |
42 |
| 650 #0 - ASSUNTO--TERMO TÓPICO |
| Cabeçalho tópico ou nome geográfico |
Aventura |
| 9 (RLIN) |
47 |
| 650 #0 - ASSUNTO--TERMO TÓPICO |
| Cabeçalho tópico ou nome geográfico |
Histórico |
| 9 (RLIN) |
53 |
| 650 #0 - ASSUNTO--TERMO TÓPICO |
| Cabeçalho tópico ou nome geográfico |
Politica |
| 9 (RLIN) |
138 |
| 650 #0 - ASSUNTO--TERMO TÓPICO |
| Cabeçalho tópico ou nome geográfico |
Maçonaria |
| 9 (RLIN) |
184 |
| 655 #0 - TERMO DE ÍNDICE--GÊNERO E FORMA |
| Gênero/forma/ou termo foco |
Romance |
| 655 #0 - TERMO DE ÍNDICE--GÊNERO E FORMA |
| Gênero/forma/ou termo foco |
Ficção |
| 700 ## - ENTRADA ADICIONADA - NOME PESSOAL |
| Nome pessoal |
Fernanda Abreu |
| Função do autor por extenso |
Tradutor |
| 9 (RLIN) |
185 |
| 830 ## - ENTRADA SECUNDÁRIA DE SÉRIE--TÍTULO UNIFORME |
| Título uniforme |
Saga Robert Langdon |
| 9 (RLIN) |
181 |
| Número do volume ou designação sequencial da série |
Livro 03 |
| 942 ## - ELEMENTOS DE ENTRADA ADICIONADOS (KOHA) |
| Fonte de classificação ou esquema de arquivamento |
Classificação decimal de Dewey |
| Ocultar no OPAC |
Não |
| Tipo de material Koha |
Livros |